<?xml version="1.0" encoding="UTF-8"?>
<record
    xmlns:xsi="http://www.w3.org/2001/XMLSchema-instance"
    xsi:schemaLocation="http://www.loc.gov/MARC21/slim http://www.loc.gov/standards/marcxml/schema/MARC21slim.xsd"
    xmlns="http://www.loc.gov/MARC21/slim">

  <leader>00450nam a22001937a 4500</leader>
  <controlfield tag="003">OSt</controlfield>
  <controlfield tag="005">20260210095555.0</controlfield>
  <controlfield tag="008">260210b        |||||||| |||| 00| 0 eng d</controlfield>
  <datafield tag="020" ind1=" " ind2=" ">
    <subfield code="a">978-0-451-19114-4</subfield>
  </datafield>
  <datafield tag="040" ind1=" " ind2=" ">
    <subfield code="c">SUYOG ENTERPRISES</subfield>
  </datafield>
  <datafield tag="082" ind1=" " ind2=" ">
    <subfield code="a">813 RAN</subfield>
  </datafield>
  <datafield tag="100" ind1=" " ind2=" ">
    <subfield code="a">RAND, AYN</subfield>
    <subfield code="9">2265</subfield>
  </datafield>
  <datafield tag="245" ind1=" " ind2=" ">
    <subfield code="a">ATLAS SHRUGGED.</subfield>
  </datafield>
  <datafield tag="260" ind1=" " ind2=" ">
    <subfield code="b">A SIGNET BOOKS</subfield>
    <subfield code="c">1996</subfield>
  </datafield>
  <datafield tag="300" ind1=" " ind2=" ">
    <subfield code="a">1078</subfield>
  </datafield>
  <datafield tag="546" ind1=" " ind2=" ">
    <subfield code="a">ENGLISH</subfield>
  </datafield>
  <datafield tag="650" ind1=" " ind2=" ">
    <subfield code="a">GENERAL</subfield>
    <subfield code="9">114</subfield>
  </datafield>
  <datafield tag="942" ind1=" " ind2=" ">
    <subfield code="2">ddc</subfield>
    <subfield code="c">GBK</subfield>
    <subfield code="n">0</subfield>
  </datafield>
  <datafield tag="999" ind1=" " ind2=" ">
    <subfield code="c">202868</subfield>
    <subfield code="d">202868</subfield>
  </datafield>
  <datafield tag="952" ind1=" " ind2=" ">
    <subfield code="r">2026-03-06 17:29:12</subfield>
    <subfield code="l">0</subfield>
    <subfield code="o">813 RAN</subfield>
    <subfield code="p">PCCOEEC42103</subfield>
    <subfield code="w">2026-02-10</subfield>
    <subfield code="x">EC</subfield>
    <subfield code="y">GBK</subfield>
    <subfield code="z">GENERAL</subfield>
    <subfield code="1">0</subfield>
    <subfield code="2">ddc</subfield>
    <subfield code="4">0</subfield>
    <subfield code="7">0</subfield>
    <subfield code="0">0</subfield>
    <subfield code="a">PCCOE</subfield>
    <subfield code="b">PCCOE</subfield>
    <subfield code="d">2026-01-20</subfield>
    <subfield code="e">SUYOG ENTERPRISES</subfield>
    <subfield code="g">899.00</subfield>
    <subfield code="A">6954</subfield>
    <subfield code="B">08-01-2026</subfield>
    <subfield code="N">638.29</subfield>
    <subfield code="D">29</subfield>
    <subfield code="L">ENGLISH</subfield>
  </datafield>
  <datafield tag="952" ind1=" " ind2=" ">
    <subfield code="r">2026-03-06 17:29:13</subfield>
    <subfield code="l">0</subfield>
    <subfield code="o">813 RAN</subfield>
    <subfield code="p">PCCOEEC42104</subfield>
    <subfield code="w">2026-02-10</subfield>
    <subfield code="x">EC</subfield>
    <subfield code="y">GBK</subfield>
    <subfield code="z">GENERAL</subfield>
    <subfield code="1">0</subfield>
    <subfield code="2">ddc</subfield>
    <subfield code="4">0</subfield>
    <subfield code="7">0</subfield>
    <subfield code="0">0</subfield>
    <subfield code="a">PCCOE</subfield>
    <subfield code="b">PCCOE</subfield>
    <subfield code="d">2026-01-20</subfield>
    <subfield code="e">SUYOG ENTERPRISES</subfield>
    <subfield code="g">899.00</subfield>
    <subfield code="A">6954</subfield>
    <subfield code="B">08-01-2026</subfield>
    <subfield code="N">638.29</subfield>
    <subfield code="D">29</subfield>
    <subfield code="L">ENGLISH</subfield>
  </datafield>
</record>
